005510000a2200133000450000500170000000800410001708200160005811000340007424501330010826000400024130000410028165000420032265000530036420240203105249.0230817t ||||| |||| 00| 0 eng d a336.34bINT aInternational Women's Seminar a Beyond the debt crisis : structural transformations : bfinal report, International Women's Seminar, 23-25 April 1990, New York aNew York :bUnited Nations,c[1991] a83 p. ; 22 cmbBibliography included aDebts, External- Developing countries aWomen- Developing countries -Economic conditions